Quizzes
Events
Quiz Creation
Community
Videos
Private Events
Remove Ads
Sign In
Join for FREE
Feedback
Dark Mode
Quiz Categories
Sports
Geography
Music
Movies
Television
Just For Fun
Miscellaneous
History
Literature
Language
Science
Gaming
Entertainment
Religion
Holiday
For Kids
Quiz Lab
Recent
Popular Today
Quiz Kudos Today
Editor Picks
Curator Picks
Quizzes by...
Day
Popularity
Type
Ratings
Length
Year
Community
Subscriptions
Recent Discussions
Orange Saloon
Badges
Playlists
Quests
Create
Leaderboards
Showdown
Live 5
Trivia Bingo
Activity
Puzzle Library
Sporcle Events
Private Events
Virtual Trivia
Globe League
Become a Host
Pub Owners
SporcleCon
Opinionation
Our Games
Videos
Blog
Mobile Apps
Partnerships
Remove Ads and Go Orange
Feedback
Sports
Athletes
MLB
NBA
NHL
NFL
Soccer
Sports Teams
WWE
NCAA
Football
Premier League
Basketball
Baseball
Hockey
Golf
Tennis
Cricket
Rugby
Auto Racing
Olympics
World Cup
Sports
Athletes
MLB
NBA
NHL
NFL
Soccer
Sports Teams
WWE
NCAA
Football
Premier League
Basketball
Baseball
Hockey
Golf
Tennis
Cricket
Rugby
Auto Racing
Olympics
World Cup
Random Quiz
Search Sporcle
×
Quiz Lab
Quiz Lab
Sports
pundit
Type in answers that appear in a list
Type in answers that appear in a list
Classic
Best Score? Go Orange.
Pundit Arena Daily Sports Quiz Challenge – Day 58 Stats
Pundit Arena Daily Sports Quiz Challenge – Day 58
By
robertredmond
5m
20 Questions
21.6K Plays
21,580 Plays
21,580 Plays
Comments
Comments
Give Quiz Kudos
Give Quiz Kudos
-
- Ratings
hide this ad
Replay
Link that replays current quiz
Next Quiz
Link to next quiz in quiz playlist
You Got
0%
They Got
Avg Score
61%
Avg Friend Score
Upgrade to see
Score Distribution
Jump to the score distribution portion of the page
Score
0/20
Timer
05:00
0
Plays Today
Hint
Answer
% Correct
Premier League club nicknamed, 'The Foxes'
Leicester City
96.7%
Winners of the 2019 FA Cup
Manchester City
92.6%
What does the 'A' stand for in 'VAR'?
Assistant
80.3%
Striker who scored 183 goals for Liverpool across two spells
Robbie Fowler
72.1%
How many points are awarded to a driver for finishing third in a Formula One grand prix?
15
70.9%
Polish goalkeeper who plays for West Ham United
Lukas Fabianski
70.8%
In what country was the modern version of Golf said to have been first played?
Scotland
70.7%
British boxer who blamed a broken toe on a defeat to Wladimir Klitschko in 2011
David Haye
68%
Lucas Moura played for this team before he joined Tottenham Hotspur
Paris Saint-Germain
67.6%
Sergio Aguero played for this team before he joined Man City
Atletico Madrid
65.6%
Hint
Answer
% Correct
Former Manchester City midfielder who played six times for the Republic of Ireland and scored four goals
Stephen Ireland
60.7%
Serie A team that begins with the letter 'P'
Parma
56.5%
Scottish football team who play their home games at Tynecastle Park
Hearts
52%
In which US city would you find sports teams named: 'The Saints' and 'The Pelicans'
New Orleans
49.9%
Host city of the 2000 Olympics
Sydney
49.3%
How many players are on a baseball team?
9
47%
Which 'set piece' is used in Rugby Union but does not feature in Rugby League?
Line out
46.2%
Irish snooker player who won the World Championship in 1997
Ken Doherty
40.3%
Football team that plays against Sevilla in the Seville derby
Real Betis
35.7%
Current League of Ireland champions
Dundalk
28.1%
Quiz Playlist
Details
Report
Send in Message
Add To Playlist
Classic:
Type in answers that appear in a list
Last Updated: Jun 24, 2020
Quiz Scoreboard
CHALLENGE
Sign Up to Join the Scoreboard
Show All
Scores
Hide
Comments
May contain spoilers
Recently Published
Popular People in 1961
by mucciniale
History
6m
1-10 Letter E Words III
by El_Dandy
Language
2m
One Thing in Common: World Cities II
by knightlancer
Geography
7m
More to Explore
Quiz From the Vault
Featured Blog Post
Where Did the Easter Bunny Come From?
hide this ad
You Might Also Like...
Tags
arena
challenge
Daily
pundit
Today's Top Quizzes in Sports
Browse Sports
hide this ad
Top Contributed Quizzes in Sports
1
Les meilleurs buteurs des matchs entre le PSG et l’OM
2
Les entraîneurs de l'OM et du PSG au 21e siècle
3
FIFA Club World Cup Champions
4
2022 World Cup Stars
5
Name the Premier League winners with different clubs
6
La finale Lions - Afrique du Sud 2021
7
Criteria MLB: Left Handed Sluggers
8
Players with Multiple 50 Home Run Seasons
9
MLB Players with Two .350 Batting Average Seasons
10
MLB Hall of Famer by Rings
Explore More
Trending Topics
Kpop
Harry Potter
Crossword
Marvel
NBA
Disney
Anime
Puzzle
Country
Song
Pokémon
Soccer
NFL
The Office
WWE
hide this ad
More By:
robertredmond
Quiz
Plays
Rating
Category
Featured
Created
Football League clubs beginning with S
225,977
2.06
Sports
Feb 26, 2017
Premier League clubs relegated since 2007
207,474
2.88
Sports
Feb 24, 2017
Name the clubs beginning with M, and N
153,445
1.47
Sports
Mar 3, 2017
Manchester United number 7s
141,936
1.61
Sports
Mar 9, 2017
Teams never relegated quiz
141,179
1.30
Sports
Feb 28, 2017
Go to Creator's Profile
Score Distribution
Quiz Creator Spotlight
robertredmond
Follow
Send a Message
Quizzes Created
-
Created Quiz Play Count
-
More By This Creator
Popular Quizzes Today
1
Find the US States - No Outlines Minefield
2
Find the Countries of Europe - No Outlines Minefield
3
The Countries of the World
4
Popular People in 1961
5
1-10 Letter E Words III
6
Find the US States
7
One Thing in Common: World Cities II
8
US States
More Sports Quizzes
The teams of Mikel Arteta
Quiz Lab
Trending Quizzes
Risky Map Clicking: Least Populous States A-Z
1-10 Letter F Words
1-10 Letter G Words
One Thing in Common: United Kingdom
Risky Map Clicking: Next State Alphabetically
Recently Updated
Leaping Animals
pecheneg
Reality TV Shows (A-Z)
bhenderson79
Rickey Henderson's Hall of Fame Teammates
pecheneg
Champions League XIs: Arsenal
pecheneg
Quick Pick: Celebrities in WWE's Hall of Fame
aduchscher
A-Z Keypad Blitz II
pecheneg
Multiple Oscar Actors
pecheneg
Mystery Phrase Blitz: Oscar 'Best Actors'
pecheneg
F. Scott Fitzgerald Novels
LTH
Pick 3 Villains
ddd62291
Trending Topics
Disney
Marvel
Anime
NBA
Crossword
Kpop
Harry Potter
Puzzle
Song
Country
Soccer
NFL
WWE
Pokémon
The Office
Your Account Isn't Verified!
In order to create a playlist on Sporcle, you need to verify the email address you used during registration. Go to your
Sporcle Settings
to finish the process.
Report this User
Report this user for behavior that violates our
Community Guidelines
.
Details:
Send Report
Go to the Sporcle.com Mobile Site →
Comments